2007 JibJab year in review lyrics - Statistics

General Stats
  • This quiz has been taken 15 times
  • The average score is 28 of 40
Answer Stats
Lyric Answer % Correct
Democrat candidates in the 2008 presidential election (3 options) Clinton, Edwards, and Barack
92%
A change in the atmosphere caused by carbon levels. Global warming
85%
In 2007, humans went insane, they built a big ass _____! Plane
85%
These were republican candidates in the 2008 presidential election (4 options) Rudy, Mitt, McCain, and Fred
85%
Osama Bin Laden, Timothy McVeigh, etc. Terrorists
85%
In 2007, things were far from great, but there still ___! 08
77%
A series of events of product recalls from China also included these Baby Toys, Poison Lead
77%
Dennis Kucinich asserted that he saw this at the Philadelphia Democratic Presidential debate. Dennis saw a UFO
77%
This social media platform became the most popular, surpassing MySpace. Facebook
77%
Ongoing war in the Middle East. Iraq
77%
In 2007, Barry got indicted ______ Ignited Malibu
77%
The winner of the 2007 World Series. Red Sox
77%
An Idaho ____ was arrested for lewd conduct in a men’s bathroom. Senators in Bathroom Stalls
77%
Steve Jobs invented this before he died. Steve Jobs invented iPhone
77%
This Syrian leader is comin’ back to serve a second term Al-Assad
69%
So much good among the ___ Bad
69%
This group received widespread notoriety for a massacre in Baghdad. Blackwater USA
69%
She served as the opening act at the 2007 MTV Video Music Awards. Britney at the VMA
69%
This American actress died of a drug overdose in Florida. Coverage of Anna Nicole
69%
Rebel groups in Sudan were fighting in this region. Darfur
69%
In 2007, there was Famine, ____ Fire
69%
Best-selling video game in 2007 in the USA. Halo 3 for Xbox
69%
This Polar Bear cub survived to adulthood in the Berlin Zoo. Knut the cub, safe at home
69%
Award for Best Director for The Departed In 2007. Marty won one finally
69%
These prices skyrocketed sometime before October of 2007. Oil prices
69%
The senior advisor for George W. Bush resigned. Rove Rapped
69%
Don’t forget ____ Sanjaya
69%
Theres ____ everywhere worldwide but lets look on the brighter side! Trouble
69%
They adopted their 4th child in Ho Chi Minh City. (2 answers) Another babe for Ang’ and Brad
62%
This had a best-selling game about sports. Awesome gaming on the Wii
62%
21.7m pounds of this meat was recalled, being one of the biggest meat recalls in US history. Beef Recall
62%
He retired from hosting “The Price is Right” Bob quit
62%
Robbery case by this guy that was prosecuted in Nevada. O.J. Took his crap back
62%
Just one thing that came from this country in 2007: Black Saturday riots in its biggest city. Pakistan
62%
Highest-ranking Hispanic American in executive government. Al Gonzales
54%
Another name for Caitlin Upton, she showed that she’s bad at geography… Beauty Queen
54%
He was fired after calling a woman’s basketball team “Nappy-Headed ho’s” Don’s Nappy Headed Hoes
54%
She was caught driving under the influence and got arrested just a few months later. Lindsay’s blow
54%
The Iranian leader at the time introduced gasoline rationing to Iran. Mahmoud Ahmadinejad
54%
This quarterback got investigated for dog fighting. Micheal Vick
38%
No matching quizzes found
Score Distribution
Percent of People with Each Score
Percentile by Number Answered
Your Score History
You have not taken this quiz